The Audubon nature encyclopedia/ (Record no. 6698)
[ view plain ]
| 000 -LEADER | |
|---|---|
| fixed length control field | 00449nam a2200133 4500 |
| 008 - FIXED-LENGTH DATA ELEMENTS--GENERAL INFORMATION | |
| fixed length control field | 150929b xxu||||| |||| 00| 0 eng d |
| 050 ## - LIBRARY OF CONGRESS CALL NUMBER | |
| Classification number | REF QL 750 A93 1965 |
| 100 ## - MAIN ENTRY--PERSONAL NAME | |
| Personal name | National Audubon society |
| 245 ## - TITLE STATEMENT | |
| Title | The Audubon nature encyclopedia/ |
| Statement of responsibility, etc. | National Audubon Society. |
| 260 ## - PUBLICATION, DISTRIBUTION, ETC. (IMPRINT) | |
| Place of publication, distribution, etc. | New York: |
| Name of publisher, distributor, etc. | Curtis books, |
| Date of publication, distribution, etc. | 1965. |
| 300 ## - PHYSICAL DESCRIPTION | |
| Extent | 1193-1392 p. : ill. |
| Dimensions | 20 cm |
| 650 ## - SUBJECT ADDED ENTRY--TOPICAL TERM | |
| Topical term or geographic name as entry element | Nature. |
| 942 ## - ADDED ENTRY ELEMENTS (KOHA) | |
| Source of classification or shelving scheme | |
| Koha item type | Reference Material |
| Classification part | REF QL 750 A93 1965 |
| Withdrawn status | Lost status | Source of classification or shelving scheme | Damaged status | Not for loan | Home library | Current library | Shelving location | Date acquired | Source of acquisition | Total Checkouts | Full call number | Barcode | Date last seen | Price effective from | Koha item type |
|---|---|---|---|---|---|---|---|---|---|---|---|---|---|---|---|
| MACHAKOS UNIVERSITY LIBRARY | MACHAKOS UNIVERSITY LIBRARY | Reference | 29/09/2015 | Donation(B.F.A) | REF QL 750 A93 1965 | 12486 | 05/06/2019 | 29/09/2015 | Reference Material |